| 000 | 00690nam a22002417a 4500 | ||
|---|---|---|---|
| 003 | OSt | ||
| 005 | 20220107122719.0 | ||
| 008 | 130814b xxu||||| |||| 00| 0 eng d | ||
| 020 | _a9780387758886 | ||
| 040 | _cIIITM-K | ||
| 082 | _a003 MEY/E.11 | ||
| 245 |
_aEncyclopedia of complexity and systems science.Vol.11.: _cedited by Robert A Meyers _bIndex |
||
| 260 |
_aUSA, _bSpringer, _c2009. |
||
| 300 | _alxxvii, 10370p. | ||
| 650 |
_aCOMPUTER SCIENCE _91521 |
||
| 650 |
_aCOMPUTATIONAL COMPLEXITY _91522 |
||
| 650 |
_aSYSTEMS SCIENCE _91523 |
||
| 650 |
_aECOLOGY _91524 |
||
| 650 |
_aECONOMICS _91525 |
||
| 650 |
_aINDEX _92357 |
||
| 700 |
_aMeyers, Robert A _91526 |
||
| 942 |
_2ddc _cRBK |
||
| 999 |
_c3178 _d3178 |
||